[Event "DVM U20 2017"]
[Site "Düsseldorf GER"]
[Date "2017.12.29"]
[Round "6"]
[White "Bunyatov, Rustam"]
[Black "Riehle, Marco"]
[Result "1/2-1/2"]
[Termination "normal"]
[Board "1.3"]
[WhiteTitle "FM"]
[BlackTitle "FM"]
[WhiteElo "2166"]
[BlackElo "2280"]
[WhiteClock "00:18:50"]
[BlackClock "00:37:18"]
[WhiteTeam "SG Porz"]
[BlackTeam "SF Sasbach"]
[PlyCount "21"]
[WhiteFideId "13410210"]
[BlackFideId "12904392"]
[EventCountry "GER"]
[EventRounds "7"]
[EventType "team-swiss"]
[EventDate "2017.12.26"]

1. e4 e5 2. Nf3 Nc6 3. Bc4 Nf6 4. d3 Be7 5. O-O O-O 6. Re1 d6 7. a4 h6 8. h3
Be6 9. Nc3 Nd4 10. Nxd4 exd4 11. Nd5 *

[Event "DVM U20 2017"]
[Site "Düsseldorf GER"]
[Date "2017.12.29"]
[Round "6"]
[White "Zimmer, Raphael"]
[Black "Sabirov, Ramil"]
[Result "0-1"]
[Termination "normal"]
[Board "1.4"]
[WhiteTitle "FM"]
[WhiteElo "2122"]
[BlackElo "2093"]
[WhiteClock "00:51:21"]
[BlackClock "00:06:39"]
[WhiteTeam "SF Sasbach"]
[BlackTeam "SG Porz"]
[PlyCount "27"]
[WhiteFideId "12978841"]
[BlackFideId "12900303"]
[EventCountry "GER"]
[EventRounds "7"]
[EventType "team-swiss"]
[EventDate "2017.12.26"]

1. e4 c5 2. Nf3 Nc6 3. d4 cxd4 4. Nxd4 Qb6 5. Nb3 Nf6 6. Nc3 e6 7. Bd3 a6 8.
Be3 Qc7 9. f4 d6 10. Qf3 Be7 11. O-O-O O-O 12. g4 b5 13. g5 Nd7 14. h4 *

[Event "DVM U20 2017"]
[Site "Düsseldorf GER"]
[Date "2017.12.29"]
[Round "6"]
[White "Pluska, Alexander"]
[Black "Kollars, Dmitrij"]
[Result "0-1"]
[Termination "normal"]
[Board "2.1"]
[BlackTitle "GM"]
[WhiteElo "2196"]
[BlackElo "2501"]
[WhiteClock "00:41:19"]
[BlackClock "01:00:59"]
[WhiteTeam "SK Doppelbauer Kiel"]
[BlackTeam "Hamburger SK"]
[PlyCount "21"]
[WhiteFideId "12975141"]
[BlackFideId "12909572"]
[EventCountry "GER"]
[EventRounds "7"]
[EventType "team-swiss"]
[EventDate "2017.12.26"]

1. Nf3 d5 2. g3 Bg4 3. Bg2 Nd7 4. c4 e6 5. Nc3 Ngf6 6. cxd5 exd5 7. O-O c6 8.
b3 Bd6 9. Bb2 O-O 10. Qc2 Re8 11. Rae1 *

[Event "DVM U20 2017"]
[Site "Düsseldorf GER"]
[Date "2017.12.29"]
[Round "6"]
[White "Kramer, Julian"]
[Black "Beeck, Mats"]
[Result "1-0"]
[Termination "normal"]
[Board "2.2"]
[WhiteTitle "FM"]
[WhiteElo "2373"]
[BlackElo "2106"]
[WhiteClock "00:10:28"]
[BlackClock "00:11:45"]
[WhiteTeam "Hamburger SK"]
[BlackTeam "SK Doppelbauer Kiel"]
[PlyCount "23"]
[WhiteFideId "12921742"]
[BlackFideId "12936944"]
[EventCountry "GER"]
[EventRounds "7"]
[EventType "team-swiss"]
[EventDate "2017.12.26"]

1. e4 c5 2. Nf3 g6 3. d4 cxd4 4. Nxd4 Nc6 5. Nc3 Bg7 6. Be3 Nf6 7. f3 O-O 8.
Qd2 d5 9. O-O-O dxe4 10. Nxc6 Qxd2+ 11. Bxd2 bxc6 12. fxe4 *

[Event "DVM U20 2017"]
[Site "Düsseldorf GER"]
[Date "2017.12.29"]
[Round "6"]
[White "Hinrichs, Lars"]
[Black "Rieper, Julian"]
[Result "0-1"]
[Termination "normal"]
[Board "2.4"]
[WhiteElo "2216"]
[BlackElo "2050"]
[WhiteClock "00:08:07"]
[BlackClock "00:16:29"]
[WhiteTeam "Hamburger SK"]
[BlackTeam "SK Doppelbauer Kiel"]
[PlyCount "24"]
[WhiteFideId "12921769"]
[BlackFideId "12936960"]
[EventCountry "GER"]
[EventRounds "7"]
[EventType "team-swiss"]
[EventDate "2017.12.26"]

1. e4 e5 2. Nc3 Nf6 3. g3 d5 4. exd5 Nxd5 5. Bg2 Nxc3 6. bxc3 Nc6 7. Nf3 Bc5 8.
O-O O-O 9. Re1 Qf6 10. d3 Bg4 11. h3 Bd7 12. Qe2 Rfe8 *

[Event "DVM U20 2017"]
[Site "Düsseldorf GER"]
[Date "2017.12.29"]
[Round "6"]
[White "Arndt, Magnus"]
[Black "Elbracht, Michael"]
[Result "1/2-1/2"]
[Termination "normal"]
[Board "2.5"]
[WhiteElo "2062"]
[BlackElo "2008"]
[WhiteClock "00:10:35"]
[BlackClock "00:04:45"]
[WhiteTeam "SK Doppelbauer Kiel"]
[BlackTeam "Hamburger SK"]
[PlyCount "24"]
[WhiteFideId "12998656"]
[BlackFideId "12945595"]
[EventCountry "GER"]
[EventRounds "7"]
[EventType "team-swiss"]
[EventDate "2017.12.26"]

1. e4 c5 2. c3 Nf6 3. e5 Nd5 4. g3 d6 5. exd6 Qxd6 6. Bg2 Nc6 7. Ne2 e6 8. O-O
Be7 9. d4 cxd4 10. cxd4 O-O 11. Nbc3 Nxc3 12. bxc3 b6 *

[Event "DVM U20 2017"]
[Site "Düsseldorf GER"]
[Date "2017.12.29"]
[Round "6"]
[White "Machalitza, Marvin"]
[Black "Karlisch, Moritz"]
[Result "1-0"]
[Termination "normal"]
[Board "2.6"]
[WhiteElo "1766"]
[BlackElo "1859"]
[WhiteClock "00:04:57"]
[BlackClock "00:30:30"]
[WhiteTeam "Hamburger SK"]
[BlackTeam "SK Doppelbauer Kiel"]
[PlyCount "23"]
[WhiteFideId "16255933"]
[BlackFideId "12964859"]
[EventCountry "GER"]
[EventRounds "7"]
[EventType "team-swiss"]
[EventDate "2017.12.26"]

1. e4 e6 2. d4 d5 3. Nd2 Nf6 4. e5 Nfd7 5. Bd3 c5 6. c3 Nc6 7. Ngf3 cxd4 8.
cxd4 Qb6 9. O-O Nxd4 10. Nxd4 Qxd4 11. Nf3 Qb6 12. Qa4 *

[Event "DVM U20 2017"]
[Site "Düsseldorf GER"]
[Date "2017.12.29"]
[Round "6"]
[White "Martin, Julian"]
[Black "Köllner, Ruben Gideon"]
[Result "1-0"]
[Termination "normal"]
[Board "3.1"]
[WhiteTitle "FM"]
[WhiteElo "2429"]
[BlackElo "2147"]
[WhiteClock "00:02:01"]
[BlackClock "00:18:25"]
[WhiteTeam "OSG Baden-Baden"]
[BlackTeam "SG Bochum"]
[PlyCount "24"]
[WhiteFideId "12941000"]
[BlackFideId "12993093"]
[EventCountry "GER"]
[EventRounds "7"]
[EventType "team-swiss"]
[EventDate "2017.12.26"]

1. e4 d6 2. d4 Nf6 3. Nc3 e5 4. Nge2 Nbd7 5. g3 Be7 6. Bg2 c6 7. a4 a5 8. O-O
O-O 9. h3 Qc7 10. Be3 Nb6 11. b3 Rd8 12. f4 exd4 *

[Event "DVM U20 2017"]
[Site "Düsseldorf GER"]
[Date "2017.12.29"]
[Round "6"]
[White "Wübker, Paul-Luca"]
[Black "Weis, Olga"]
[Result "1/2-1/2"]
[Termination "normal"]
[Board "3.4"]
[WhiteElo "2053"]
[BlackElo "1971"]
[WhiteClock "00:42:05"]
[BlackClock "00:28:05"]
[WhiteTeam "SG Bochum"]
[BlackTeam "OSG Baden-Baden"]
[PlyCount "24"]
[WhiteFideId "12939528"]
[BlackFideId "1270234"]
[EventCountry "GER"]
[EventRounds "7"]
[EventType "team-swiss"]
[EventDate "2017.12.26"]

1. d4 Nf6 2. c4 c5 3. d5 b5 4. cxb5 a6 5. bxa6 g6 6. Nc3 Bg7 7. e4 O-O 8. Nf3
Qa5 9. Bd2 Bxa6 10. Bxa6 Qxa6 11. Qe2 Qxe2+ 12. Kxe2 d6 *

[Event "DVM U20 2017"]
[Site "Düsseldorf GER"]
[Date "2017.12.29"]
[Round "6"]
[White "Fistoul, Boris"]
[Black "Visvikis, Christos"]
[Result "1-0"]
[Termination "normal"]
[Board "3.6"]
[WhiteElo "1924"]
[BlackElo "1882"]
[WhiteClock "00:30:05"]
[BlackClock "00:54:10"]
[WhiteTeam "SG Bochum"]
[BlackTeam "OSG Baden-Baden"]
[PlyCount "25"]
[WhiteFideId "12953962"]
[BlackFideId "12967955"]
[EventCountry "GER"]
[EventRounds "7"]
[EventType "team-swiss"]
[EventDate "2017.12.26"]

1. d4 Nf6 2. c4 e6 3. Nc3 Bb4 4. f3 d5 5. cxd5 exd5 6. a3 Bxc3+ 7. bxc3 c5 8.
e3 O-O 9. Bd3 Re8 10. Ne2 b6 11. O-O Ba6 12. Re1 Bxd3 13. Qxd3 *

[Event "DVM U20 2017"]
[Site "Düsseldorf GER"]
[Date "2017.12.29"]
[Round "6"]
[White "Hartge, Gedeon"]
[Black "Zähringer, Daniel"]
[Result "1/2-1/2"]
[Termination "normal"]
[Board "4.1"]
[WhiteElo "2140"]
[BlackElo "2042"]
[WhiteTeam "USV Halle"]
[BlackTeam "SK König Plauen"]
[PlyCount "41"]
[WhiteFideId "12932116"]
[BlackFideId "12970280"]
[EventCountry "GER"]
[EventRounds "7"]
[EventType "team-swiss"]
[EventDate "2017.12.26"]

1. d4 d5 2. c4 e6 3. Nc3 c6 4. e3 Nf6 5. Nf3 Nbd7 6. Qc2 Bd6 7. b3 O-O 8. Be2
b6 9. Bb2 Bb7 10. O-O Rc8 11. Rad1 c5 12. cxd5 Nxd5 13. Qb1 Nxc3 14. Bxc3 Qe7
15. Qa1 Nf6 16. dxc5 Bxc5 17. h3 Rfd8 18. Nh2 Bb4 19. Bb2 Ne8 20. Rxd8 Rxd8 21.
Rd1 1/2-1/2

[Event "DVM U20 2017"]
[Site "Düsseldorf GER"]
[Date "2017.12.29"]
[Round "6"]
[White "Fischer, Erik"]
[Black "Gröbel, Aaron"]
[Result "1/2-1/2"]
[Termination "normal"]
[Board "4.2"]
[WhiteElo "1953"]
[BlackElo "2103"]
[WhiteTeam "SK König Plauen"]
[BlackTeam "USV Halle"]
[PlyCount "53"]
[WhiteFideId "12956678"]
[BlackFideId "12914851"]
[EventCountry "GER"]
[EventRounds "7"]
[EventType "team-swiss"]
[EventDate "2017.12.26"]

1. e4 e5 2. Nf3 Nc6 3. Bc4 Bc5 4. O-O Nf6 5. d3 d6 6. c3 a6 7. Bb3 h6 8. Nbd2
Ba7 9. Re1 Ne7 10. Nf1 Ng6 11. Ng3 O-O 12. h3 Be6 13. Be3 Re8 14. Bxe6 fxe6 15.
Bxa7 Rxa7 16. d4 Qe7 17. Qd3 exd4 18. cxd4 Qf7 19. Rac1 c6 20. e5 dxe5 21. Nxe5
Nxe5 22. Rxe5 Raa8 23. Rce1 Rad8 24. Ne4 Nxe4 {(=)} 25. R5xe4 Rd6 26. Qe3 Red8
27. Rxe6 1/2-1/2

[Event "DVM U20 2017"]
[Site "Düsseldorf GER"]
[Date "2017.12.29"]
[Round "6"]
[White "Schulte, Felix"]
[Black "Linnert, Niklas"]
[Result "1-0"]
[Termination "normal"]
[Board "4.3"]
[WhiteElo "1982"]
[BlackElo "1979"]
[WhiteTeam "USV Halle"]
[BlackTeam "SK König Plauen"]
[PlyCount "89"]
[WhiteFideId "12914800"]
[BlackFideId "12974781"]
[EventCountry "GER"]
[EventRounds "7"]
[EventType "team-swiss"]
[EventDate "2017.12.26"]

1. d4 Nf6 2. c4 e6 3. Nc3 Bb4 4. e3 c5 5. Bd3 d5 6. cxd5 exd5 7. dxc5 O-O 8.
Nge2 Nc6 9. O-O Bxc5 10. a3 Be6 11. b4 Bb6 12. Bb2 Ne5 13. Nf4 Bg4 14. Be2 d4
15. Na4 Bxe2 16. Nxe2 Bc7 17. Qxd4 Qe7 18. Rac1 Rfd8 19. Rxc7 Qxc7 20. Qxe5 Qc2
21. Nec3 Rd2 22. Ba1 b6 23. Qg3 Rad8 24. h3 h6 25. Kh2 Kh7 26. Qf4 R8d7 27. Kg1
Kg8 28. b5 Rd8 29. Qb4 Rc8 30. Qe7 Rd7 31. Qb4 Rd2 32. Qb1 Rc4 33. Qxc2 Rxc2
34. Rd1 Ne4 35. Nxe4 Rxa4 36. Rd8+ Kh7 37. Bd4 Rxa3 38. Nd6 Rc7 39. Ne8 Rc1+
40. Kh2 Rb3 41. Rd7 Kg6 42. Nd6 f6 43. Rxa7 Rc2 44. e4 Rd2 45. Nf5 1-0

[Event "DVM U20 2017"]
[Site "Düsseldorf GER"]
[Date "2017.12.29"]
[Round "6"]
[White "Nguyen Dang, Huy Duc"]
[Black "Altstadt, Karl-Simon"]
[Result "0-1"]
[Termination "normal"]
[Board "4.4"]
[WhiteElo "1783"]
[BlackElo "2004"]
[WhiteTeam "SK König Plauen"]
[BlackTeam "USV Halle"]
[PlyCount "50"]
[WhiteFideId "12922846"]
[BlackFideId "24696676"]
[EventCountry "GER"]
[EventRounds "7"]
[EventType "team-swiss"]
[EventDate "2017.12.26"]

1. e4 c5 2. Nf3 d6 3. d4 cxd4 4. Nxd4 Nf6 5. Nc3 g6 6. Be2 Bg7 7. Be3 O-O 8.
O-O Nc6 9. Kh1 Bd7 10. f4 Rc8 11. Bf3 Na5 12. Bg1 Nc4 13. Qc1 Bg4 14. Nce2 Bxf3
15. gxf3 Qa5 16. c3 Qh5 17. b3 Na5 18. Qe1 Nc6 19. Nxc6 Rxc6 20. Qg3 Nxe4 21.
fxe4 Qxe2 22. Rae1 Qxa2 23. Bd4 Qxb3 24. Qg5 Bxd4 25. cxd4 Qh3 0-1

[Event "DVM U20 2017"]
[Site "Düsseldorf GER"]
[Date "2017.12.29"]
[Round "6"]
[White "Perekhozhuk, Maksym"]
[Black "Helmrich, Daniel"]
[Result "1-0"]
[Termination "normal"]
[Board "4.5"]
[WhiteElo "1942"]
[BlackElo "1790"]
[WhiteTeam "USV Halle"]
[BlackTeam "SK König Plauen"]
[PlyCount "56"]
[WhiteFideId "12914860"]
[BlackFideId "12956767"]
[EventCountry "GER"]
[EventRounds "7"]
[EventType "team-swiss"]
[EventDate "2017.12.26"]

1. e4 c5 2. Nf3 d6 3. d4 cxd4 4. Nxd4 Nf6 5. Nc3 a6 6. f4 e5 7. Nf3 Nbd7 8. a4
Be7 9. Bc4 O-O 10. O-O Qb6+ 11. Kh1 exf4 12. Qe1 Ne5 13. Bb3 Bd7 14. Bxf4 Qc7
15. Rd1 Bc6 16. Nd4 Rad8 17. Nf5 Rfe8 18. Bxe5 dxe5 19. Qg3 g6 20. Nh6+ Kg7 21.
Rxd8 Bxd8 22. Nxf7 Nxe4 23. Nxe4 Bxe4 24. Qe3 Bxc2 25. Qh6+ Kg8 26. Ba2 Qe7 27.
Nxd8+ Kh8 28. Nf7+ Kg8 1-0

[Event "DVM U20 2017"]
[Site "Düsseldorf GER"]
[Date "2017.12.29"]
[Round "6"]
[White "Graf, Lucas"]
[Black "Kretzschmar, Arnd"]
[Result "1/2-1/2"]
[Termination "normal"]
[Board "4.6"]
[WhiteElo "1781"]
[BlackElo "1986"]
[WhiteTeam "SK König Plauen"]
[BlackTeam "USV Halle"]
[PlyCount "77"]
[WhiteFideId "12974889"]
[BlackFideId "12914835"]
[EventCountry "GER"]
[EventRounds "7"]
[EventType "team-swiss"]
[EventDate "2017.12.26"]

1. e4 {[%emt 0:00:00]} c5 {[%emt 0:00:00]} 2. Nf3 d6 3. d4 cxd4 4. Nxd4 Nf6 5.
Nc3 g6 6. f3 Bg7 7. Be3 O-O 8. Qd2 Nc6 9. g4 Nxd4 10. Bxd4 Be6 11. h4 Qa5 12.
h5 Rfc8 13. hxg6 hxg6 14. g5 Nh5 15. Bxg7 Kxg7 16. Bh3 Bxh3 17. Rxh3 Qe5 18.
O-O-O Nf4 19. Rh4 Rxc3 20. bxc3 Ne6 21. f4 Qxe4 22. Rdh1 Rg8 23. Qh2 Kf8 24.
Rh8 Qxf4+ 25. Qxf4 Nxf4 26. R8h4 Ne6 27. Rg1 Kg7 28. Kd2 Rc8 29. Ra4 a6 30. Rb4
b5 31. a4 Rc5 32. axb5 axb5 33. Rbg4 Rd5+ 34. Kc1 Nc5 35. c4 bxc4 36. Rxc4 Ne6
37. Rcg4 Rd4 38. R4g3 Rd5 39. Rg4 1/2-1/2

[Event "DVM U20 2017"]
[Site "Düsseldorf GER"]
[Date "2017.12.29"]
[Round "6"]
[White "Oberhofer, Cédric"]
[Black "Hecht, Carsten"]
[Result "1/2-1/2"]
[Termination "normal"]
[Board "5.1"]
[WhiteElo "2120"]
[BlackElo "2232"]
[WhiteTeam "SC Bavaria Regensburg"]
[BlackTeam "LSV Turm Lippstadt"]
[PlyCount "56"]
[WhiteFideId "12941220"]
[BlackFideId "24693928"]
[EventCountry "GER"]
[EventRounds "7"]
[EventType "team-swiss"]
[EventDate "2017.12.26"]

1. d4 Nf6 2. c4 g6 3. Nf3 Bg7 4. g3 c6 5. Bg2 d5 6. O-O O-O 7. cxd5 cxd5 8. Ne5
Ne4 9. Nc3 Nxc3 10. bxc3 Nc6 11. Nxc6 bxc6 12. e4 e6 13. Be3 Ba6 14. Re1 Qa5
15. Qd2 Rfb8 16. Bf4 Rb7 17. Rab1 Rxb1 18. Rxb1 Bc4 19. Rb2 Rc8 20. Bd6 Bf8 21.
Be5 Bg7 22. Bxg7 Kxg7 23. h4 dxe4 24. Bxe4 Bd5 25. Bg2 Bxg2 26. Kxg2 Qd5+ 27.
Kh2 c5 28. dxc5 Qxd2 1/2-1/2

[Event "DVM U20 2017"]
[Site "Düsseldorf GER"]
[Date "2017.12.29"]
[Round "6"]
[White "Kruse, Janik"]
[Black "Gabler, Eric"]
[Result "0-1"]
[Termination "normal"]
[Board "5.2"]
[WhiteElo "2052"]
[BlackElo "2078"]
[WhiteTeam "LSV Turm Lippstadt"]
[BlackTeam "SC Bavaria Regensburg"]
[PlyCount "54"]
[WhiteFideId "16200250"]
[BlackFideId "12949841"]
[EventCountry "GER"]
[EventRounds "7"]
[EventType "team-swiss"]
[EventDate "2017.12.26"]

1. e4 c5 2. Nf3 Nc6 3. b4 cxb4 4. d4 g6 5. Be2 Bg7 6. Bb2 Nh6 7. Nbd2 O-O 8. h4
d5 9. e5 Bg4 10. h5 e6 11. hxg6 fxg6 12. a3 a5 13. Nb3 Qe7 14. axb4 axb4 15.
Rxa8 Rxa8 16. Bc1 Bxf3 17. Bxf3 Nf5 18. Qd3 Rf8 19. Bg4 b6 20. Bxf5 Rxf5 21. g4
Rf7 22. f4 Bf8 23. Ke2 Qc7 24. Rf1 Qc8 25. Qb5 Na5 26. Nd2 Qxc2 27. Qxb6 Nb3
0-1

[Event "DVM U20 2017"]
[Site "Düsseldorf GER"]
[Date "2017.12.29"]
[Round "6"]
[White "Dechant, Georg"]
[Black "Kettler, Ilija Jonas"]
[Result "1/2-1/2"]
[Termination "normal"]
[Board "5.3"]
[WhiteElo "2060"]
[BlackElo "2032"]
[WhiteTeam "SC Bavaria Regensburg"]
[BlackTeam "LSV Turm Lippstadt"]
[PlyCount "56"]
[WhiteFideId "12956716"]
[BlackFideId "16216610"]
[EventCountry "GER"]
[EventRounds "7"]
[EventType "team-swiss"]
[EventDate "2017.12.26"]

1. e4 c5 2. Nf3 Nc6 3. d4 cxd4 4. Nxd4 g6 5. Nc3 Bg7 6. Be3 Nf6 7. Be2 O-O 8.
O-O d5 9. exd5 Nxd5 10. Nxd5 Nxd4 11. Bxd4 Qxd5 12. Bxg7 Qxd1 13. Raxd1 Kxg7
14. Rd2 Be6 15. b3 Rfc8 16. c4 Rab8 17. Rfd1 a6 18. g3 b5 19. cxb5 axb5 20. Kg2
b4 21. Bf3 Rc3 22. Re1 Rb5 23. Ree2 h5 24. Rd4 Kf6 25. Red2 Rc1 26. Rf4+ Kg7
27. Rdd4 Ra5 28. Rd2 Rb5 1/2-1/2

[Event "DVM U20 2017"]
[Site "Düsseldorf GER"]
[Date "2017.12.29"]
[Round "6"]
[White "Kuckling, Linus"]
[Black "Ließ, Alexander"]
[Result "1-0"]
[Termination "normal"]
[Board "5.4"]
[WhiteElo "1804"]
[BlackElo "1770"]
[WhiteTeam "LSV Turm Lippstadt"]
[BlackTeam "SC Bavaria Regensburg"]
[PlyCount "35"]
[WhiteFideId "24658243"]
[BlackFideId "16221338"]
[EventCountry "GER"]
[EventRounds "7"]
[EventType "team-swiss"]
[EventDate "2017.12.26"]

1. e4 c5 2. Nf3 Nc6 3. b4 cxb4 4. d4 g6 5. d5 Bg7 6. c3 bxc3 7. dxc6 c2 8. Qxc2
Bxa1 9. c7 Qxc7 10. Qxc7 Nf6 11. Bd3 O-O 12. O-O Re8 13. Ba3 Ng4 14. h3 Nh6 15.
e5 d6 16. Bb5 Rf8 17. exd6 exd6 18. Bxd6 1-0

[Event "DVM U20 2017"]
[Site "Düsseldorf GER"]
[Date "2017.12.29"]
[Round "6"]
[White "Brüll, Elias"]
[Black "Neudorf, Noah Levin"]
[Result "1-0"]
[Termination "normal"]
[Board "5.5"]
[WhiteElo "1802"]
[BlackElo "1830"]
[WhiteTeam "SC Bavaria Regensburg"]
[BlackTeam "LSV Turm Lippstadt"]
[PlyCount "91"]
[WhiteFideId "12964921"]
[BlackFideId "12965693"]
[EventCountry "GER"]
[EventRounds "7"]
[EventType "team-swiss"]
[EventDate "2017.12.26"]

1. e4 b6 2. d4 Bb7 3. Bd3 Nf6 4. Nc3 e6 5. Nge2 Bb4 6. a3 Be7 7. f3 c5 8. Be3
cxd4 9. Nxd4 Nc6 10. Qd2 Rc8 11. O-O-O d5 12. exd5 Nxd5 13. Nxd5 Qxd5 14. Bb5
O-O 15. Nxc6 Bxc6 16. Qxd5 Bxd5 17. Kb1 Bf6 18. Bd4 Bxd4 19. Rxd4 Rc5 20. c4
Bb7 21. b4 Rc7 {(=)} 22. Rc1 g6 23. Rd3 Rfc8 24. Rdc3 a6 25. Ba4 b5 {(=)} 26.
Bb3 Bd5 27. c5 Bxb3 28. Rxb3 Rd8 29. Rbc3 Rc6 30. Kc2 Kf8 31. Rd3 Rxd3 32. Kxd3
Ke7 33. Ra1 a5 34. Kd4 a4 35. Rd1 f6 36. Ke4 h6 37. f4 Ra6 38. Rd2 Rc6 {(=)}
39. Rd3 Ra6 40. Rd1 Rc6 41. g4 Ra6 42. f5 g5 43. fxe6 Rxe6+ 44. Kd4 Kd7 45. Rd3
Kc7 46. Re3 1-0

[Event "DVM U20 2017"]
[Site "Düsseldorf GER"]
[Date "2017.12.29"]
[Round "6"]
[White "Eichstaedt, Mirko"]
[Black "Savchenko, Daniel"]
[Result "1/2-1/2"]
[Termination "normal"]
[Board "6.1"]
[WhiteTitle "CM"]
[WhiteElo "2147"]
[BlackElo "2080"]
[WhiteTeam "USV Potsdam"]
[BlackTeam "Düsseldorfer SK"]
[PlyCount "87"]
[WhiteFideId "24692310"]
[BlackFideId "12919195"]
[EventCountry "GER"]
[EventRounds "7"]
[EventType "team-swiss"]
[EventDate "2017.12.26"]

1. d4 Nf6 2. Nf3 e6 3. g3 b5 4. Bg2 Bb7 5. Bg5 Be7 6. O-O O-O 7. c3 d6 8. a4
bxa4 9. Rxa4 Nbd7 10. Nbd2 c5 11. Qa1 Qb8 12. e3 h6 13. Bxf6 Bxf6 14. Ne1 d5
15. f4 Be7 16. Nef3 Bc6 17. Ra2 Qb7 18. Ne5 Nxe5 19. fxe5 Bg5 20. Qe1 Qb5 21.
h4 Be7 22. Rf2 Qb6 23. Qd1 Rab8 24. Nf1 a5 25. Nh2 Be8 26. Bf1 c4 27. Ng4 a4
28. Nf6+ gxf6 29. exf6 Kh7 30. Qc2+ Kh8 31. fxe7 Rg8 32. Kh2 Qd6 33. Rf4 f5 34.
Be2 Qxe7 35. Bd1 h5 36. Rf1 Ra8 37. Qf2 Qc7 38. Kh3 Qd6 39. Bc2 Rg7 40. Rfa1
Rga7 41. Ra3 Qb8 {(=)} 42. R3a2 Bc6 43. Qf3 Be8 44. Qf2 {(=)} 1/2-1/2

[Event "DVM U20 2017"]
[Site "Düsseldorf GER"]
[Date "2017.12.29"]
[Round "6"]
[White "Lechner, Alexander"]
[Black "Tiarks, Jann-Christian"]
[Result "1/2-1/2"]
[Termination "normal"]
[Board "6.2"]
[WhiteElo "1830"]
[BlackElo "2123"]
[WhiteTeam "Düsseldorfer SK"]
[BlackTeam "USV Potsdam"]
[PlyCount "63"]
[WhiteFideId "12956074"]
[BlackFideId "12951595"]
[EventCountry "GER"]
[EventRounds "7"]
[EventType "team-swiss"]
[EventDate "2017.12.26"]

1. d4 d5 2. c4 e6 3. Nf3 c6 4. g3 Nf6 5. Bg2 Be7 6. O-O O-O 7. b3 b6 8. Bb2 Bb7
9. Nbd2 Nbd7 10. Ne5 c5 11. e3 Rc8 12. Rc1 Rc7 13. Qe2 Qa8 14. cxd5 Bxd5 15. e4
Bb7 16. Rc2 Rfc8 17. Rfc1 Qb8 18. Nxd7 Rxd7 19. d5 Re8 20. dxe6 fxe6 21. Qc4
Bf8 22. Bh3 Kh8 23. Re1 Qd8 24. Bc3 a6 25. a4 g6 26. Bxe6 b5 27. Bxd7 bxc4 28.
Bxe8 Bg7 29. Bf7 Qd3 30. Rcc1 cxb3 31. Bxb3 Ng4 32. Bc4 1/2-1/2

[Event "DVM U20 2017"]
[Site "Düsseldorf GER"]
[Date "2017.12.29"]
[Round "6"]
[White "Cech, Tim"]
[Black "Lückerath, Moritz"]
[Result "1-0"]
[Termination "normal"]
[Board "6.3"]
[WhiteElo "2023"]
[BlackElo "1867"]
[WhiteTeam "USV Potsdam"]
[BlackTeam "Düsseldorfer SK"]
[PlyCount "91"]
[WhiteFideId "1270258"]
[BlackFideId "12954810"]
[EventCountry "GER"]
[EventRounds "7"]
[EventType "team-swiss"]
[EventDate "2017.12.26"]

1. d4 {[%emt 0:00:00]} Nf6 {[%emt 0:00:00]} 2. Nf3 c5 3. g3 cxd4 4. Nxd4 e5 5.
Nf3 Nc6 6. c4 Be7 7. Bg2 O-O 8. O-O d6 9. Nc3 Be6 10. b3 h6 11. Bb2 Nh5 12. e3
Qd7 13. Qe2 f5 14. Nd5 f4 15. exf4 Bg4 16. fxe5 Qf5 17. Nxe7+ Nxe7 18. exd6 Nc6
19. Nh4 Bxe2 20. Nxf5 Bxf1 21. Bxc6 Rxf5 22. Bxb7 Rb8 23. Be4 Bh3 24. Bxf5 Bxf5
25. Rd1 Bd7 26. Re1 Re8 27. Rxe8+ Bxe8 28. Bd4 a6 29. f4 Nf6 30. Bxf6 gxf6 31.
Kf2 Kf7 32. Ke3 Ke6 33. c5 Kd5 34. b4 Bd7 35. f5 Ke5 36. g4 Bc6 37. h4 Bd7 38.
Kd3 Bc6 39. Kc4 Ke4 40. g5 hxg5 41. hxg5 Kxf5 42. a4 fxg5 43. b5 axb5+ 44. axb5
Be8 45. b6 Bf7+ 46. Kd4 1-0

[Event "DVM U20 2017"]
[Site "Düsseldorf GER"]
[Date "2017.12.29"]
[Round "6"]
[White "Kaplun, David"]
[Black "Shevelko, Alexander"]
[Result "1/2-1/2"]
[Termination "normal"]
[Board "6.4"]
[WhiteElo "1958"]
[BlackElo "1883"]
[WhiteTeam "Düsseldorfer SK"]
[BlackTeam "USV Potsdam"]
[PlyCount "41"]
[WhiteFideId "12901954"]
[BlackFideId "12952125"]
[EventCountry "GER"]
[EventRounds "7"]
[EventType "team-swiss"]
[EventDate "2017.12.26"]

1. d4 d5 2. c4 e6 3. Nc3 Nf6 4. Bg5 Be7 5. cxd5 Nxd5 6. Bxe7 Qxe7 7. e3 O-O 8.
Bd3 Nd7 9. a3 Nxc3 10. bxc3 c5 11. Ne2 b6 12. Ng3 Bb7 13. Be4 Bxe4 14. Nxe4
Rfd8 15. Qe2 Nf6 16. Nxf6+ Qxf6 17. O-O Rac8 18. Rac1 e5 19. dxe5 Qxe5 20. Rfd1
g6 21. h3 1/2-1/2

[Event "DVM U20 2017"]
[Site "Düsseldorf GER"]
[Date "2017.12.29"]
[Round "6"]
[White "Wiedenbruch, Paul"]
[Black "Glagau, Lars"]
[Result "0-1"]
[Termination "normal"]
[Board "6.6"]
[WhiteElo "1391"]
[BlackElo "1450"]
[WhiteTeam "Düsseldorfer SK"]
[BlackTeam "USV Potsdam"]
[PlyCount "62"]
[WhiteFideId "16207343"]
[BlackFideId "16200390"]
[EventCountry "GER"]
[EventRounds "7"]
[EventType "team-swiss"]
[EventDate "2017.12.26"]

1. e4 e6 2. d4 d5 3. Nc3 Nf6 4. Bg5 Be7 5. e5 Nfd7 6. h4 h6 7. Bxe7 Qxe7 8. Be2
a6 9. Qd2 c5 10. f4 Nc6 11. Nf3 cxd4 12. Nxd4 Nxd4 13. Qxd4 Qc5 14. O-O-O b5
15. g4 Bb7 16. Rhe1 Rc8 17. a3 Nb6 18. Qxc5 Rxc5 19. f5 Nc4 20. Bxc4 Rxc4 21.
Rg1 Ke7 22. Rd3 Rhc8 23. Rd2 d4 24. Nd1 Be4 25. c3 exf5 26. gxf5 Bxf5 27. b3
R4c5 28. Rxd4 Rxe5 29. Rg2 Re4 30. Rxe4+ Bxe4 31. Kb2 Bxg2 0-1